| 000 | 00665nam a2200181 a 4500 | ||
|---|---|---|---|
| 005 | 20240913063939.0 | ||
| 008 | 991125s1965 mx 000 0 spa u | ||
| 035 | _aUPN01000031439 | ||
| 049 | _aCG | ||
| 050 | 4 |
_aJL1245 D _bI55 |
|
| 245 | 0 | 3 |
_aEl INJM y su obra : _bexposición y presentación del Depto. de Prensa y Relaciones Públicas del INJM / _cRubén Rodríguez Lozano. |
| 260 |
_aMéxico : _bInstituto Nacional de la Juventud Mexicana, _c1965. |
||
| 300 |
_a96 p. : _bil. |
||
| 440 | 0 |
_aCiclo presiente Díaz Ordaz ; _v12 |
|
| 600 | 1 | 2 |
_aDíaz Ordaz, Gustavo, _d1911-1979 _930541 |
| 610 | 2 | 4 |
_aINSTITUTO NACIONAL DE LA JUVENTUD MEXICANA _928087 |
| 905 | _aLibro | ||
| 999 |
_c31439 _d31439 |
||